Cartas 1917-1941 : entre el corazón y la razón /

Gespeichert in:
Bibliographische Detailangaben
1. Verfasser: Ortega y Gasset, José (autor.)
Weitere Verfasser: Ocampo, Victoria (autor.)
Format: E-Book
Sprache:Spanisch
Veröffentlicht: Buenos Aires : Biblos, 2023.
Schlagworte:
Online-Zugang:https://elibro.unach.elogim.com/es/lc/unach/titulos/228520
Tags: Tag hinzufügen
Keine Tags, Fügen Sie den ersten Tag hinzu!

MARC

LEADER 00000nam a2200000 i 4500
001 ELB228520
003 FINmELB
005 20231030444314.0
006 m o d |
007 cr cnu||||||||
008 231030s2023 ag o 000 0 spa d
020 |a 9789878141558  |q digital 
035 |a (OCoLC)1410393224 
040 |a FINmELB  |b spa  |e rda  |c FINmELB 
050 4 |a PQ6627.R8  |b O784 2023 
080 |a 82-6 
082 0 4 |a A866  |2 23 
100 1 |a Ortega y Gasset, José,  |e autor. 
245 1 0 |a Cartas 1917-1941 :  |b entre el corazón y la razón /  |c José Ortega y Gasset, Victoria Ocampo. 
264 1 |a Buenos Aires :  |b Biblos,  |c 2023. 
300 |a 1 recurso en línea 
336 |a texto  |b txt  |2 rdacontent/spa 
337 |a computadora  |b c  |2 rdamedia/spa 
338 |a recurso en línea  |b cr  |2 rdacarrier/spa 
588 |a Descripción basada en metadatos suministrados por el editor y otras fuentes. 
590 |a Recurso electrónico. Santa Fe, Arg.: elibro, 2023. Disponible vía World Wide Web. El acceso puede estar limitado para las bibliotecas afiliadas a elibro. 
650 4 |a Correspondencia. 2. Historia. I. Ortega y Gasset, José. 
655 4 |a Libros electrónicos. 
700 1 |a Ocampo, Victoria,  |e autor. 
797 2 |a elibro, Corp. 
856 4 0 |u https://elibro.unach.elogim.com/es/lc/unach/titulos/228520